Entre la autonomia y la subordinación: política de los países latinoamericanos /

Gespeichert in:
Bibliographische Detailangaben
1. Verfasser: Muñoz, Heraldo
Weitere Verfasser: comp Tulchin, Joseph S comp
Format: Text
Veröffentlicht: Buenos Aires: Grupo Editor Latinoamericano
Tags: Tag hinzufügen
Keine Tags, Fügen Sie den ersten Tag hinzu!

MARC

LEADER 00000 a a2200000 04500
001 25708
003
040
020 |a 950-9432-01-6  
090 |a 177702  
100 |a Muñoz, Heraldo  
245 |a Entre la autonomia y la subordinación: política de los países latinoamericanos /  |c Heraldo Muñoz 
260 |a Buenos Aires:   |b Grupo Editor Latinoamericano  
300 |a 258 p; Tomo. 1  
700 |a comp   |a Tulchin, Joseph S   |a comp  
999 |c 15147  |d 15147